000 01087cam a2200313 4500
008 090401t1995 xxu||||| |||| 00| 0 eng d
020 _a0582090334
035 _a(Sirsi) u11555
041 _aeng
050 _a338.4769
100 _aLangford, D.
245 _aHuman resources management in construction.
260 _aHarlow, Essex
_bLongman Scientific and Technical
_c1995
300 _aviii,208p. ; 24cm.
350 _a16.99
520 _aLooks at how the general principles of personnel management apply to the construction industry. Includes chapters on organizational behaviour, industrial relations, interviewing for staff selection, management development and women in construction.
650 _aBUILDING INDUSTRY
650 _aCONSTRUCTION INDUSTRY
650 _aHUMAN RESOURCES MANAGEMENT
650 _aINDUSTRIAL RELATIONS
650 _aORGANISATIONAL MANAGEMENT
650 _aPERSONNEL MANAGEMENT
690 _aBUILT ENVIRONMENT
700 _aHancock, M.R.
700 _aFellows, R.
700 _aGale, A.W.
942 _n0
948 _c04/03/1997
999 _c86880
_d86880